Jembatan Besi, Jakarta, Indonesia Case Study - Statistics

General Stats
  • This quiz has been taken 7 times
  • The average score is 7 of 27
Answer Stats
Hint Answer % Correct
Is Indonesia an LIDC, EDC or AC? AC
100%
What is the population of Jembatan Besi? 31000
33%
How many km north west of the city centre? 4
33%
What is the average income in $? 4
33%
What is life expectancy? 67
33%
What is its ranking in the safe cities index? Bottom {10}
33%
What are toilets used as? Businesses
33%
What is the name of one common disease in Jembatan Besi? Cholera | Typhoid | Malaria
33%
Why is ground water supply undrinkcable? Contaminated | Contamination
33%
What does this lead to a high risk of? Fires
33%
What does residents diet lack? Fruits | Vegetables
33%
In what factories are there poor health and safety regulations? Garment
33%
Is population density high or low? High
33%
Is this regular or irregular? Irregular
33%
What are high levels of air pollution due to? Kerosene
33%
Is internet access poor or good? Poor
33%
What is the main source of food for residents? Rice
33%
What does high buildings mean there is a lack of? Sunlight | Direct Sunlight
33%
Is there excess demand or supply of housing? Supply | Excess supply
33%
What is the population of Jakarta in millions? 10.6
0%
What % of Jakarta's inhabitants live in informal settlements? 25
0%
What is estimated value of population density in people/km*2 in 2017 ? 65,000
0%
What are homes built out of in Jembatan Besi? Brick | Wood | Scrap material
0%
Where is internet access mainly available? Cafes
0%
What skill is the majority of labour? Low
0%
Fill in the blanks: The poorest {10}% have access to {2.9}% of the country’s wealth
0%
Fill in the blanks: The wealthiest {10}% hold {30}% of the country’s wealth
0%
No matching quizzes found
Score Distribution
Percent of People with Each Score
Percentile by Number Answered
Your Score History
You have not taken this quiz